000 00547 a2200181 4500
020 _a0070198721
040 _aDLC
_bDLC
245 0 0 _aFact, value, policy : reading and writing arguments
_c[edited by] A. Harris Fairbanks.
260 _aNew York :
_bMcGraw-Hill,
_cc1994.
300 _axix, 534 p. ;
_c24 cm.
500 _aIncludes index.
650 0 _aEnglish language
_xRhetoric.
650 0 _aPersuasion (Rhetoric)
650 0 _aCollege readers.
650 0 _aReport writing.
700 1 0 _aFairbanks, A. Harris.
942 _cBK
_k808.042 FAI
_2ddc
999 _c4834
_d4834